Smart Grids ako piliere budúcej energetiky v podmienkach Slovenskej republiky

Systémy na distribúciu elektriny v Európe. Zavádzanie inteligentného merania spotreby a budovanie inteligentnej siete (smart grids). Európska stratégia smart grids do roku 2035. Nová smernica o energetickej efektívnosti v podmienkach SR. Efektívnejšie meranie spotreby energií. Vyúčtovanie odberu ene...

Description complète

Enregistré dans:
Détails bibliographiques
Auteur principal: Naščáková, Jana
Autres auteurs: Gergeľová, Marcela
Format: Chapitre de livre
Langue:slovaque
Sujets:
Tags: Ajouter un tag
Pas de tags, Soyez le premier à ajouter un tag!

MARC

LEADER 00000nla a2200000 4500
001 0164938
005 20240502072858.7
041 0 |a slo 
044 |a SK 
245 1 0 |a Smart Grids ako piliere budúcej energetiky v podmienkach Slovenskej republiky  |c Jana Naščáková, Marcela Gergeľová 
520 |a Systémy na distribúciu elektriny v Európe. Zavádzanie inteligentného merania spotreby a budovanie inteligentnej siete (smart grids). Európska stratégia smart grids do roku 2035. Nová smernica o energetickej efektívnosti v podmienkach SR. Efektívnejšie meranie spotreby energií. Vyúčtovanie odberu energií u koncových odberateľov. Smerovanie smart grids na Slovensku. 
610 2 0 |a energetika 
610 2 0 |a energia elektrická 
610 2 0 |a spotreba energie 
610 2 0 |a monitoring 
610 2 0 |a efektívnosť 
610 2 0 |a Slovensko 
100 1 |a Naščáková, Jana 
700 1 |a Gergeľová, Marcela